Prohibition of interest in an Islamic economy : rationale and some consequences /
Saved in:
| Main Author: | |
|---|---|
| Format: | Thesis |
| Language: | English |
| Published: |
Petaling Jaya :
Universiti Islam Antarabangsa Malaysia,
1992
|
| Subjects: | |
| Online Access: | Click here to view 1st 24 pages of the thesis. Members can view fulltext at the specified PCs in the library. |
| Tags: |
Add Tag
No Tags, Be the first to tag this record!
|
| LEADER | 020590000a22003370004500 | ||
|---|---|---|---|
| 001 | 90930 | ||
| 005 | 20100607210300.0 | ||
| 008 | 941221s1992 my 000 0 eng | ||
| 040 | |a UIAM |b eng | ||
| 050 | |a HB549.I74 | ||
| 100 | 1 | |a Aliero, Hussaini Ibrahim | |
| 245 | 1 | 0 | |a Prohibition of interest in an Islamic economy : |b rationale and some consequences / |c by Hussaini Ibrahim Aliero |
| 260 | 1 | |a Petaling Jaya : |b Universiti Islam Antarabangsa Malaysia, |c 1992 | |
| 300 | |a 40 p. | ||
| 500 | |a "Submitted to the graduate committee Kulliyyah of Economics and Management, International Islamic University, Malaysia in partial fulfilment of the requirements for the Degree of Master of Economics."--On t.p. | ||
| 502 | |a Thesis (M.A.)--International Islamic University Malaysia, 1992. | ||
| 504 | |a Includes bibliographical references (leaves 38-40). | ||
| 596 | |a 1 | ||
| 650 | 0 | |a Interest |x Religious aspects Islam | |
| 650 | 0 | |a Interest |z Islamic countries | |
| 650 | 0 | |a Economics, Islamic | |
| 655 | 0 | 7 | |a Theses, IIUM local |
| 690 | 0 | |a Dissertations, Academic |x Department of Economics |z IIUM | |
| 710 | 2 | |a International Islamic University Malaysia. |b Kulliyyah of Economics and Management Sciences | |
| 856 | 4 | |u http://studentrepo.iium.edu.my/handle/123456789/3397 |z Click here to view 1st 24 pages of the thesis. Members can view fulltext at the specified PCs in the library. | |
| 900 | |a aar-mah-naw | ||
| 999 | |c 430687 |d 462178 | ||
| 952 | |0 0 |6 T HB549I74A398P |7 0 |8 THESES |9 749984 |a IIUM |b IIUM |c MULTIMEDIA |g 0.00 |o t HB549I74A398P |p 00000317775 |r 2017-10-19 |t 2 |v 0.00 |y THESIS | ||
| 952 | |0 0 |6 LU T HB 549 I74 A398P 1992 |7 0 |8 THESES |9 749985 |a IIUM |b IIUM |c CLOSEACCES |g 0.00 |o lu t HB 549 I74 A398P 1992 |p 00011193817 |r 2017-11-01 |t 1 |v 0.00 |y THESIS | ||
| 952 | |0 0 |6 LU T HB 549 I74 A398P 1992 |7 0 |8 THESES |9 749986 |a IIUM |b IIUM |c CLOSEACCES |g 0.00 |o lu t HB 549 I74 A398P 1992 |p 00010981528 |r 2017-10-27 |t 2 |v 0.00 |y THESIS | ||
| 952 | |0 0 |6 TS CDF HB549I74A398P |7 0 |8 THESES |9 791145 |a IIUM |b IIUM |c MULTIMEDIA |g 0.00 |o ts cdf HB549I74A398P |p 11100325770 |r 2017-10-26 |t 1 |v 0.00 |y THESISDIG | ||
